|
|
|
|
| LEADER |
00779nab a2200241 i 4500 |
| 001 |
misc65825 |
| 005 |
20221103083043.0 |
| 008 |
220404s1958 hu o 0|| ger d |
| 040 |
|
|
|a SZTE Miscellanea Repozitórium
|b hun
|
| 041 |
|
|
|a ger
|
| 041 |
|
|
|a rus
|
| 041 |
|
|
|a fiu
|
| 100 |
1 |
|
|a Hajdú Péter
|
| 245 |
1 |
0 |
|a Noch einmal über den Stimmbandverschlusslaut im Jurakischen
|h [elektronikus dokumentum] /
|c Hajdú Péter
|
| 260 |
|
|
|c 1958
|
| 300 |
|
|
|a 245-272
|c 24 cm
|
| 490 |
0 |
|
|a Acta Linguistica Academiae Scientiarum Hungaricae
|
| 561 |
|
|
|a Németh Gyula hagyaték
|
| 591 |
|
|
|a NOU 2149
|
| 650 |
|
4 |
|a Bölcsészettudományok
|
| 650 |
|
4 |
|a Nyelvek és irodalom
|
| 695 |
|
|
|a Nyelvészet
|
| 856 |
4 |
0 |
|u http://misc.bibl.u-szeged.hu/65825/1/2149_nou_h12.pdf
|z Dokumentum-elérés
|